10 Smallest European Countries by Area - Sudden Death - Statistics

General Stats
  • This quiz has been taken 2,140 times
  • The average score is 7 of 10
Answers on the Grid
Answers color-coded by a green-red scale on the quiz's grid according to % correct below.
Albania
Andorra
Belgium
Bosnia and Herzegovina
Croatia
Denmark
Estonia
Ireland
Kosovo
Latvia
Liechtenstein
Lithuania
Luxembourg
Malta
Moldova
Monaco
Montenegro
North Macedonia
San Marino
Serbia
Slovakia
Slovenia
Switzerland
Vatican City
 
Answer Stats
Answer % Correct
Andorra
89%
Vatican City
88%
San Marino
82%
Monaco
80%
Liechtenstein
76%
Luxembourg
76%
Malta
75%
Kosovo
61%
Montenegro
38%
Slovenia
18%
No matching quizzes found
Score Distribution
Percent of People with Each Score
Percentile by Number Answered
Your Score History
You have not taken this quiz